• 首页
  • 本馆介绍
  • 公告通知
  • 最新文献
  • 馆藏检索
  • 电子资源
  • 读者导购
  • 参考咨询
  • 我的图书馆
  • 登录
  • 详细信息显示
  • 放入我的书架
  • 预约/预借图书
  • 作者相关作品
  • 分类相关作品
  • 丛书相关作品
  • 出版社相关作品

书目信息

  • 表格格式
  • 工作单格式
  • 卡片格式
题名:
晚清扬州私家园林
    
 
作者: 谢明洋 著
分册:  
出版信息: 北京   中国建筑工业出版社  2018
页数: 326页
开本: 26cm
丛书名:
单 册:
中图分类: TU986.625.33 , TU986.62
科图分类:
主题词: 古典园林--园林艺术--研究--扬州市--清代
电子资源:
ISBN: 978-7-112-21319-1
000 01197nam0 2200277 450
001 2372298984
005 20231202200527.00
010    @a978-7-112-21319-1@dCNY68.00
100    @a20180704d2018 em y0chiy50 ea
101 0  @achi
102    @aCN@b110000
105    @aak a 000yy
200 1  @a晚清扬州私家园林@Awan qing yang zhou si jia yuan lin@f谢明洋著
210    @a北京@c中国建筑工业出版社@d2018
215    @a326页@c图@d26cm
312    @a英文并列题名取自封面
314    @a谢明洋, 生于南京, 本科及硕士毕业于清华大学美术学院环境设计系; 博士毕业于北京林业大学园林学院, 获得园林学博士。
320    @a有书目 (第306-309页)
330    @a本书主要从清代扬州园林的类型划分、园林的繁华与衰落原因、造园理法特色几个内容进行编写。并尝试以“理法”的概念梳理扬州清代私家园林, 以系统综合、像话印证的立体思维进行探讨, 着重关注意、言、象等要素的相互关系与转换。重点集中在园林的立意、布局、微理即构园要素几个方面。
510 1  @aPrivate gardens of Yangzhou city in late Qing dynasty@zeng
606 0  @a古典园林@x园林艺术@x研究@y扬州市@z清代
690    @aTU986.625.33@v5
690    @aTU986.62@v4
701  0 @a谢明洋@Axie ming yang@4著
801  0 @aCN@b湖北三新@c20180704
905    @aBZT@dTU986.62@e8
    
    晚清扬州私家园林/谢明洋著.-北京:中国建筑工业出版社,2018
    326页:图;26cm
    
    
    ISBN 978-7-112-21319-1:CNY68.00
    本书主要从清代扬州园林的类型划分、园林的繁华与衰落原因、造园理法特色几个内容进行编写。并尝试以“理法”的概念梳理扬州清代私家园林, 以系统综合、像话印证的立体思维进行探讨, 着重关注意、言、象等要素的相互关系与转换。重点集中在园林的立意、布局、微理即构园要素几个方面。
●
相关链接 在五车中查询图书 在当当中查询图书 在豆瓣中查询图书


正题名:晚清扬州私家园林     索取号:TU986.62/8         预约/预借

序号 登录号 条形码 馆藏地/架位号 状态 备注
1 2001299938   2001299938   三新/湖北三新(第三批)/1188/ [索取号:TU986.62/8] 在馆    
2 2001299939   2001299939   三新/湖北三新(第三批)/1188/ [索取号:TU986.62/8] 在馆    
3 2001299940   2001299940   三新/湖北三新(第三批)/1188/ [索取号:TU986.62/8] 在馆    
4 2001299941   2001299941   三新/湖北三新(第三批)/1188/ [索取号:TU986.62/8] 在馆    
5 2001299942   2001299942   三新/湖北三新(第三批)/1188/ [索取号:TU986.62/8] 在馆    
6 2001299943   2001299943   三新/湖北三新(第三批)/1188/ [索取号:TU986.62/8] 在馆    
7 2001299944   2001299944   三新/湖北三新(第三批)/1188/ [索取号:TU986.62/8] 在馆    
8 2001299945   2001299945   三新/湖北三新(第三批)/1188/ [索取号:TU986.62/8] 在馆    
9 2001299946   2001299946   三新/湖北三新(第三批)/1188/ [索取号:TU986.62/8] 在馆    
10 2001299947   2001299947   三新/湖北三新(第三批)/1189/ [索取号:TU986.62/8] 在馆    
11 2001299948   2001299948   三新/湖北三新(第三批)/1189/ [索取号:TU986.62/8] 在馆    
12 2001299949   2001299949   三新/湖北三新(第三批)/1189/ [索取号:TU986.62/8] 在馆    
13 2001299950   2001299950   三新/湖北三新(第三批)/1189/ [索取号:TU986.62/8] 在馆    
14 2001299951   2001299951   三新/湖北三新(第三批)/1189/ [索取号:TU986.62/8] 在馆    
15 2001299952   2001299952   三新/湖北三新(第三批)/1189/ [索取号:TU986.62/8] 在馆    
16 2001299953   2001299953   三新/湖北三新(第三批)/1189/ [索取号:TU986.62/8] 在馆    
山东省滨州职业学院图书馆 欢迎您!
大连网信软件有限公司© 版权所有